00908 a2200145 4500003000500000005001700005040000900022082001100031100003200042245006200074260002700136300001000163505055900173538003000732Nust20170207154113.0 cNust a355.02 aMajor-General J.F.C. Fuller aThe Conduct of War 1789-1961cMajor-General J.F.C. Fuller alondonbMethuen c1986 a852p; aThe Limited Wars of the Absolute Kings (Page-15) The Rebirth of Unlimited War (Page-26) Napoleonic Warfare (Page-42) The Theories of Clausewitz (Page-59) The Influences of the Industrial Revolution (page-77) Vi The American Civil War 1861-1865 (Page-95) Moltke , Foch and Bloch (Page-118) The Roots of Armageddon (Page-131) The Conduct of World War (Page-151) Lenin and the Russian Revolution (Page-183) Soviet Revolutionary Warfare (Page-202) The Twenty Years Armistice (Page-217) The Conduct of World War ii (Page-248) The Problem of Peace (Page-310)  aAlmirah No.52, Shelf No.6